[Event "Gibraltar ChallWk2 12th"]
[Site "Gibraltar"]
[Date "2014.02.04"]
[Round "4.22"]
[White "Becham, Khalid"]
[Black "Dotan, Valeria"]
[Result "1-0"]
[WhiteElo "2122"]
[BlackElo "1979"]
[PlyCount "97"]
[EventDate "2014.02.01"]
[EventType "swiss"]
[EventRounds "5"]
[EventCountry "GGB"]
[SourceTitle "BritBase"]
[Source "www.saund.co.uk"]
[SourceDate "2018.02.10"]
[SourceVersion "1"]
[SourceVersionDate "2018.02.10"]
[SourceQuality "1"]

1. e4 c5 2. Nf3 d6 3. Bb5+ Bd7 4. Bxd7+ Qxd7 5. O-O g6 6. c3 Nf6 7. Qe2 Bg7 8.
Rd1 Qc6 9. e5 dxe5 10. Nxe5 Qc7 11. d4 Nfd7 12. Bf4 Nxe5 13. dxe5 O-O 14. Nd2
Nc6 15. Nf3 b6 16. Qe3 e6 17. Rd6 Rad8 18. Rad1 Rxd6 19. exd6 Qd7 20. Bh6 f6
21. Bxg7 Kxg7 22. h4 h5 23. Qd2 Rc8 24. Qd3 Nd8 25. Nd2 Nf7 26. Ne4 Ne5 27. Qg3
Nf7 28. Qf4 f5 29. Ng5 e5 30. Qe3 Re8 31. Nxf7 Kxf7 32. Qh6 Rg8 33. Rd5 Ke6 34.
c4 Qg7 35. Qd2 Rd8 36. b4 Rd7 37. a4 Qf6 38. g3 e4 39. bxc5 bxc5 40. Qa5 Rxd6
41. Qxc5 Rxd5 42. cxd5+ Kd7 43. Qxa7+ Kd8 44. Qa5+ Kc8 45. Qc5+ Kd8 46. d6 Qa1+
47. Kg2 Qg7 48. a5 Qb7 49. a6 1-0

[Event "Gibraltar ChallWk2 12th"]
[Site "Gibraltar"]
[Date "2014.02.04"]
[Round "4.23"]
[White "Bhopal, Raj"]
[Black "Diaz Montenegro, Ignacio"]
[Result "0-1"]
[WhiteElo "2093"]
[BlackElo "1924"]
[PlyCount "68"]
[EventDate "2014.02.01"]
[EventType "swiss"]
[EventRounds "5"]
[EventCountry "GGB"]
[SourceTitle "BritBase"]
[Source "www.saund.co.uk"]
[SourceDate "2018.02.10"]
[SourceVersion "1"]
[SourceVersionDate "2018.02.10"]
[SourceQuality "1"]

1. e4 d6 2. d4 Nf6 3. Nc3 e5 4. Nf3 exd4 5. Nxd4 Be7 6. Bc4 O-O 7. Bb3 Na6 8.
O-O Nc5 9. Re1 a5 10. Bg5 a4 11. Bc4 c6 12. f3 Qb6 13. Kh1 Nfxe4 14. Nxe4 Nxe4
15. Be3 Nc5 16. Bf4 Qd8 17. Qe2 Bf6 18. Rad1 d5 19. Bd3 Bxd4 20. Bxh7+ Kxh7 21.
Rxd4 Ne6 22. Qd3+ Kg8 23. Re5 Qf6 24. Bg3 Nxd4 25. Qxd4 Bf5 26. Bh4 Qg6 27. g4
Bxc2 28. Rg5 Qh6 29. Qf2 f6 30. Rh5 Qc1+ 31. Kg2 Bg6 32. f4 Bxh5 33. gxh5 Qc4
34. f5 Qg4+ 0-1

[Event "Gibraltar ChallWk2 12th"]
[Site "Gibraltar"]
[Date "2014.02.04"]
[Round "4.24"]
[White "Brown, David"]
[Black "Kozarcanin, Sead"]
[Result "1/2-1/2"]
[WhiteElo "1968"]
[BlackElo "2073"]
[PlyCount "107"]
[EventDate "2014.02.01"]
[EventType "swiss"]
[EventRounds "5"]
[EventCountry "GGB"]
[SourceTitle "BritBase"]
[Source "www.saund.co.uk"]
[SourceDate "2018.02.10"]
[SourceVersion "1"]
[SourceVersionDate "2018.02.10"]
[SourceQuality "1"]

1. e4 e5 2. Nf3 Nc6 3. Bc4 Bc5 4. d3 d6 5. Nc3 Nf6 6. h3 O-O 7. Bg5 h6 8. Be3
Bxe3 9. fxe3 Ne7 10. O-O Ng6 11. Qe1 c6 12. Bb3 d5 13. Nh4 Nxh4 14. Qxh4 dxe4
15. Nxe4 Nd5 16. Qxd8 Rxd8 17. Ng3 Be6 18. Rf3 Nc7 19. Bxe6 Nxe6 20. Raf1 Rd7
21. Ne4 Rad8 22. a4 f6 23. Kf2 Rd5 24. Nc3 R5d7 25. Ne4 b6 26. Ke2 c5 27. b3
Nc7 28. g4 Ne6 29. h4 Rf8 30. R1f2 Rdd8 31. Kf1 Kh7 32. g5 fxg5 33. Rxf8 Rxf8
34. Rxf8 Nxf8 35. hxg5 h5 36. Kg2 g6 37. Kg3 Kg7 38. Nd6 Nd7 39. Kf3 Kf8 40.
Ke4 Ke7 41. Nc8+ Ke6 42. Nxa7 Nf8 43. Nc6 Nd7 44. Nd8+ Ke7 45. Nc6+ Kd6 46. Nd8
Ke7 47. Nc6+ Ke6 48. Nd8+ Kd6 49. Nf7+ Ke6 50. Nd8+ Ke7 51. Nc6+ Kd6 52. Nd8
Ke7 53. Nc6+ Ke6 54. Nd8+ 1/2-1/2

[Event "Gibraltar ChallWk2 12th"]
[Site "Gibraltar"]
[Date "2014.02.04"]
[Round "4.25"]
[White "Perdomo Araujo, Angel Eduardo"]
[Black "Sanchez Jerez, Emilio Miguel"]
[Result "1/2-1/2"]
[WhiteElo "2018"]
[BlackElo "2287"]
[PlyCount "63"]
[EventDate "2014.02.01"]
[EventType "swiss"]
[EventRounds "5"]
[EventCountry "GGB"]
[SourceTitle "BritBase"]
[Source "www.saund.co.uk"]
[SourceDate "2018.02.10"]
[SourceVersion "1"]
[SourceVersionDate "2018.02.10"]
[SourceQuality "1"]

1. e4 d5 2. exd5 Qxd5 3. Nc3 Qa5 4. Be2 Nf6 5. Bf3 g5 6. g3 Nc6 7. d3 h5 8. h4
gxh4 9. Rxh4 Bg4 10. Bf4 Rg8 11. Qd2 O-O-O 12. Bg2 e5 13. Bg5 Be7 14. f3 Rxg5
15. fxg4 Nxg4 16. Nh3 Rdg8 17. Nd5 Qxd2+ 18. Kxd2 Bd8 19. Kc3 R5g7 20. Rxh5 Nd4
21. Kd2 c6 22. c3 Ne6 23. Nb4 Nh2 24. Rh1 Ng4 25. Nc2 Bc7 26. Rf1 Nh2 27. Rf2
Rxg3 28. Be4 Ng7 29. Rg5 Rxh3 30. Rxg7 Rxg7 31. Bf5+ Kd8 32. Bxh3 {The
remainder of the scoresheet is illegible} 1/2-1/2

[Event "Gibraltar ChallWk2 12th"]
[Site "Gibraltar"]
[Date "2014.02.04"]
[Round "4.26"]
[White "Wynarczyk, Raymond"]
[Black "Samu, Sorin-Mihai"]
[Result "1-0"]
[WhiteElo "1973"]
[BlackElo "2119"]
[PlyCount "107"]
[EventDate "2014.02.01"]
[EventType "swiss"]
[EventRounds "5"]
[EventCountry "GGB"]
[SourceTitle "BritBase"]
[Source "www.saund.co.uk"]
[SourceDate "2018.02.10"]
[SourceVersion "1"]
[SourceVersionDate "2018.02.10"]
[SourceQuality "1"]

1. e4 c5 2. Nf3 Nc6 3. d4 cxd4 4. Nxd4 g6 5. Nc3 Bg7 6. Be3 d6 7. Bc4 Bd7 8.
O-O Nf6 9. h3 a6 10. a4 O-O 11. Qd2 Rc8 12. Bb3 Na5 13. f4 Nc4 14. Bxc4 Rxc4
15. f5 e5 16. Nde2 Nxe4 17. Nxe4 Rxe4 18. fxg6 hxg6 19. Nc3 Rxe3 20. Qxe3 Bc6
21. Rad1 d5 22. Nxd5 Bxd5 23. c4 Bxc4 24. Rxd8 Rxd8 25. Rc1 Rd4 26. b3 Bd5 27.
Rc8+ Kh7 28. Rd8 Bxg2 29. Rxd4 exd4 30. Qg5 Bf3 31. Qf4 Bd5 32. Qh4+ Bh6 33. b4
Bb3 34. Qxd4 Bxa4 35. Qd5 Kg8 36. Qxb7 Bb5 37. Kf2 Bf8 38. Qe4 Bd7 39. h4 Be6
40. Ke3 Kh7 41. h5 Bf5 42. Qb7 Be6 43. hxg6+ Kxg6 44. Kd4 Bg7+ 45. Kc5 Bf8+ 46.
Kd4 Kg5 47. Qxa6 Bg4 48. Qa5+ Kg6 49. b5 Bg7+ 50. Ke3 f5 51. b6 Bh6+ 52. Kf2
Bf4 53. b7 Kh5 54. Qd8 1-0

[Event "Gibraltar ChallWk2 12th"]
[Site "Gibraltar"]
[Date "2014.02.04"]
[Round "4.27"]
[White "Krokay, Urszula"]
[Black "Dasaolu, Rotimi"]
[Result "1-0"]
[WhiteElo "1926"]
[BlackElo "2077"]
[PlyCount "45"]
[EventDate "2014.02.01"]
[EventType "swiss"]
[EventRounds "5"]
[EventCountry "GGB"]
[SourceTitle "BritBase"]
[Source "www.saund.co.uk"]
[SourceDate "2018.02.10"]
[SourceVersion "1"]
[SourceVersionDate "2018.02.10"]
[SourceQuality "1"]

1. e4 c6 2. Nf3 d5 3. Nc3 dxe4 4. Nxe4 Nf6 5. Ng3 Bg4 6. h3 Bxf3 7. Qxf3 g6 8.
Bc4 Bg7 9. Qb3 O-O 10. Qxb7 Qb6 11. Qxb6 axb6 12. O-O Rd8 13. c3 c5 14. Re1 Kf8
15. d3 Nc6 16. Bb5 Na7 17. Ba6 Rd7 18. a4 e6 19. Ne4 Ne8 20. a5 bxa5 21. Nxc5
Rc7 22. Be3 Nc6 23. Bb7 1-0

[Event "Gibraltar ChallWk2 12th"]
[Site "Gibraltar"]
[Date "2014.02.04"]
[Round "4.28"]
[White "Schouten, Freek"]
[Black "Adebajo, Olufemi"]
[Result "0-1"]
[WhiteElo "2068"]
[BlackElo "1979"]
[PlyCount "113"]
[EventDate "2014.02.01"]
[EventType "swiss"]
[EventRounds "5"]
[EventCountry "GGB"]
[SourceTitle "BritBase"]
[Source "www.saund.co.uk"]
[SourceDate "2018.02.10"]
[SourceVersion "1"]
[SourceVersionDate "2018.02.10"]
[SourceQuality "1"]

1. d4 d5 2. Nf3 e6 3. c4 c6 4. Nc3 f5 5. g3 Nf6 6. Bg2 Bd6 7. O-O O-O 8. b3 Qe7
9. Bb2 b6 10. Qc2 Bb7 11. cxd5 cxd5 12. Nb5 Rc8 13. Qd1 Nbd7 14. Nxd6 Qxd6 15.
Qd3 Ne4 16. Rac1 a5 17. a4 Rxc1 18. Rxc1 Ba6 19. Qd1 f4 20. Rc2 fxg3 21. hxg3
b5 22. axb5 Bxb5 23. Qc1 Qf8 24. Bh3 Re8 25. Ba3 Qf7 26. Qf4 Qh5 27. Bg4 Qg6
28. Rc7 Nef6 29. Bh3 Bxe2 30. Ne5 Nxe5 31. Qxe5 Bg4 32. Bxg4 Nxg4 33. Qf4 Qh5
34. Bd6 Qh2+ 35. Kf1 Qh1+ 36. Ke2 Qh5 37. Kf1 g5 38. Qd2 Qh1+ 39. Ke2 Qe4+ 40.
Kd1 Qb1+ 41. Ke2 Qe4+ 42. Kd1 h6 43. Kc1 Rd8 44. Be7 Rb8 45. Kb2 a4 46. b4 Qf3
47. Qc2 Qxf2 48. Qxf2 Nxf2 49. Ka3 Ne4 50. Kxa4 Nxg3 51. Bd6 Ra8+ 52. Kb5 Nf5
53. Be5 g4 54. Kc6 g3 55. Bxg3 Nxg3 56. b5 Nf5 57. b6 0-1

[Event "Gibraltar ChallWk2 12th"]
[Site "Gibraltar"]
[Date "2014.02.04"]
[Round "4.30"]
[White "Ramirez Dominguez, Agustin"]
[Black "Tortolero, Cesar"]
[Result "0-1"]
[WhiteElo "2060"]
[BlackElo "1952"]
[PlyCount "98"]
[EventDate "2014.02.01"]
[EventType "swiss"]
[EventRounds "5"]
[EventCountry "GGB"]
[SourceTitle "BritBase"]
[Source "www.saund.co.uk"]
[SourceDate "2018.02.10"]
[SourceVersion "1"]
[SourceVersionDate "2018.02.10"]
[SourceQuality "1"]

1. e4 c5 2. Nf3 d6 3. d4 cxd4 4. Nxd4 Nf6 5. Nc3 a6 6. Be2 e5 7. Nb3 Be7 8. O-O
O-O 9. Be3 Be6 10. Kh1 b5 11. f4 Qc7 12. a3 Nbd7 13. h3 Rac8 14. Rc1 Nb6 15.
Nd2 Nc4 16. Nxc4 Bxc4 17. Bd3 a5 18. Qf3 b4 19. axb4 axb4 20. Ne2 d5 21. exd5
e4 22. Qf2 Bxd5 23. c4 exd3 24. cxd5 dxe2 25. Qxe2 Qd7 26. Rcd1 Bc5 27. Bc1
Rfe8 28. Qf3 h5 29. f5 Bd6 30. Bg5 Be5 31. Rd2 Qd6 32. g4 Rc4 33. gxh5 Rd4 34.
Rg2 Qxd5 35. Qxd5 Rxd5 36. h6 Ne4 37. Bh4 Rd2 38. Rg4 Bxb2 39. hxg7 b3 40. Re1
Nf2+ 41. Bxf2 Rxe1+ 42. Bxe1 Rd1 43. Rb4 Rxe1+ 44. Kg2 Re3 45. h4 Kxg7 46. Rb6
Ba1 47. Kf2 Rc3 48. f6+ Kg6 49. Ke2 b2 0-1

[Event "Gibraltar ChallWk2 12th"]
[Site "Gibraltar"]
[Date "2014.02.04"]
[Round "4.31"]
[White "Nejanky, Maisa"]
[Black "Bucknell, Malcolm Gordon"]
[Result "1-0"]
[WhiteElo "2040"]
[BlackElo "1947"]
[PlyCount "75"]
[EventDate "2014.02.01"]
[EventType "swiss"]
[EventRounds "5"]
[EventCountry "GGB"]
[SourceTitle "BritBase"]
[Source "www.saund.co.uk"]
[SourceDate "2018.02.10"]
[SourceVersion "1"]
[SourceVersionDate "2018.02.10"]
[SourceQuality "1"]

1. e4 c6 2. d4 d5 3. e5 c5 4. c3 Nc6 5. Be3 Nh6 6. Bxh6 gxh6 7. Nf3 e6 8. a3
Bd7 9. Nbd2 cxd4 10. cxd4 Qb6 11. Nb3 Ne7 12. Bd3 Ba4 13. Nfd2 Rc8 14. O-O Ng6
15. Rc1 Rc6 16. g3 Be7 17. Rxc6 bxc6 18. Qc2 O-O 19. Qc3 Rb8 20. Bc2 Rc8 21. h4
c5 22. h5 Nf8 23. Rc1 c4 24. Na1 Bxc2 25. Nxc2 Rb8 26. Rb1 Qa6 27. Ne3 f5 28.
exf6 Bxf6 29. Ng4 Bg5 30. f4 Bd8 31. Qe3 Nd7 32. Nxh6+ Kg7 33. Ng4 Ba5 34. f5
c3 35. Qg5+ Kf8 36. Qh6+ Ke8 37. fxe6 Kd8 38. e7+ 1-0

[Event "Gibraltar ChallWk2 12th"]
[Site "Gibraltar"]
[Date "2014.02.04"]
[Round "4.32"]
[White "Ungureanu, Sandu"]
[Black "Mortensen, Henrik"]
[Result "0-1"]
[WhiteElo "2014"]
[BlackElo "1946"]
[PlyCount "64"]
[EventDate "2014.02.01"]
[EventType "swiss"]
[EventRounds "5"]
[EventCountry "GGB"]
[SourceTitle "BritBase"]
[Source "www.saund.co.uk"]
[SourceDate "2018.02.10"]
[SourceVersion "1"]
[SourceVersionDate "2018.02.10"]
[SourceQuality "1"]

1. c4 c5 2. Nc3 Nf6 3. Nf3 e6 4. e4 d6 5. Be2 b6 6. d4 cxd4 7. Nxd4 Bb7 8. f3
a6 9. Be3 Qc7 10. Rc1 Nbd7 11. O-O Be7 12. b4 O-O 13. Qb3 Rac8 14. a4 Ne5 15.
Rfd1 Nxc4 16. Bxc4 Qxc4 17. Nd5 Bxd5 18. Rxc4 Bxc4 19. Qb2 b5 20. axb5 axb5 21.
Ra1 Rfe8 22. Ra6 d5 23. e5 Nd7 24. Nc6 Bf8 25. f4 Nb8 26. Nxb8 Rxb8 27. Qa3 d4
28. Bxd4 Red8 29. Bb6 Rd1+ 30. Kf2 Rd2+ 31. Ke1 Ra2 32. Ra8 Rxa8 0-1

[Event "Gibraltar ChallWk2 12th"]
[Site "Gibraltar"]
[Date "2014.02.04"]
[Round "4.34"]
[White "Brokko, Margit"]
[Black "Gajic, Bozur"]
[Result "1-0"]
[WhiteElo "2058"]
[BlackElo "1698"]
[PlyCount "101"]
[EventDate "2014.02.01"]
[EventType "swiss"]
[EventRounds "5"]
[EventCountry "GGB"]
[SourceTitle "BritBase"]
[Source "www.saund.co.uk"]
[SourceDate "2018.02.10"]
[SourceVersion "1"]
[SourceVersionDate "2018.02.10"]
[SourceQuality "1"]

1. e4 g6 2. Nc3 Bg7 3. g3 d6 4. Bg2 Nd7 5. d3 c6 6. Be3 Qa5 7. Qd2 Ne5 8. h3 h5
9. f4 Nd7 10. Nf3 e5 11. Ng5 Nf8 12. d4 f6 13. Nf3 Be6 14. O-O O-O-O 15. a3
exf4 16. Bxf4 Bh6 17. Bxh6 g5 18. Nxg5 Rxh6 19. Nxe6 Nxe6 20. Kh2 Qg5 21. Qxg5
fxg5 22. d5 Nd4 23. dxc6 bxc6 24. Rf2 Rf6 25. Raf1 Rxf2 26. Rxf2 g4 27. Nd1 Ne7
28. Ne3 Ng6 29. hxg4 hxg4 30. Nxg4 Kc7 31. c3 Nb3 32. Rf6 Ne5 33. Nxe5 dxe5 34.
Rf7+ Kb6 35. g4 Nc5 36. Rf5 Re8 37. g5 Na4 38. Kg3 Nxb2 39. Kg4 Nc4 40. g6 Ne3+
41. Kf3 Nxg2 42. Kxg2 Rg8 43. Rg5 c5 44. c4 Ka5 45. Rg3 Kb6 46. Kh3 Kc6 47. Kh4
Kd7 48. Kg5 Rh8 49. g7 Rg8 50. Kg6 Ke7 51. Kh7 1-0

[Event "Gibraltar ChallWk2 12th"]
[Site "Gibraltar"]
[Date "2014.02.04"]
[Round "4.35"]
[White "Andersen, Daniel"]
[Black "Rios Gonzalez, Jose Antonio"]
[Result "0-1"]
[WhiteElo "1964"]
[BlackElo "1912"]
[PlyCount "73"]
[EventDate "2014.02.01"]
[EventType "swiss"]
[EventRounds "5"]
[EventCountry "GGB"]
[SourceTitle "BritBase"]
[Source "www.saund.co.uk"]
[SourceDate "2018.02.10"]
[SourceVersion "1"]
[SourceVersionDate "2018.02.10"]
[SourceQuality "1"]

1. d4 Nf6 2. c4 e6 3. g3 c5 4. d5 exd5 5. cxd5 d6 6. Bg2 g6 7. Nf3 Bg7 8. O-O
O-O 9. Nc3 a6 10. a4 Re8 11. Nd2 Nbd7 12. h3 Rb8 13. a5 b5 14. axb6 Nxb6 15. e4
Qc7 16. f4 Ra8 17. Re1 Bb7 18. Na4 Nfd7 19. Qc2 f5 20. Nxb6 Nxb6 21. Nc4 Nxd5
22. Kh2 Nb4 23. Qb3 d5 24. Ne5 fxe4 25. Rxe4 Kh8 26. Re1 a5 27. Bd2 c4 28. Qa4
Rxe5 29. fxe5 Bxe5 30. Bc3 d4 31. Bxb7 Bxg3+ 32. Kg1 Bf2+ 33. Kxf2 Qh2+ 34. Bg2
Rf8+ 35. Ke2 Qxg2+ 36. Kd1 dxc3 37. Qd7 0-1

[Event "Gibraltar ChallWk2 12th"]
[Site "Gibraltar"]
[Date "2014.02.04"]
[Round "4.36"]
[White "Romero Valencia, Fernando"]
[Black "Edakina, Anastasia"]
[Result "1-0"]
[WhiteElo "1960"]
[BlackElo "1756"]
[PlyCount "119"]
[EventDate "2014.02.01"]
[EventType "swiss"]
[EventRounds "5"]
[EventCountry "GGB"]
[SourceTitle "BritBase"]
[Source "www.saund.co.uk"]
[SourceDate "2018.02.10"]
[SourceVersion "1"]
[SourceVersionDate "2018.02.10"]
[SourceQuality "1"]

1. e4 c5 2. Nf3 d6 3. c3 Nf6 4. Bd3 Nc6 5. Bc2 Bg4 6. d3 e6 7. Nbd2 Be7 8. O-O
O-O 9. Re1 a6 10. h3 Bh5 11. a4 Qc7 12. Nf1 Ne5 13. g4 Bg6 14. Nxe5 dxe5 15.
Ne3 b5 16. Qe2 Nd7 17. a5 Rac8 18. b3 Qd8 19. Ng2 Bg5 20. Bxg5 Qxg5 21. h4 Qh6
22. h5 Bxh5 23. gxh5 Nf6 24. Qe3 Qxh5 25. f3 Qh3 26. Kf2 Nh5 27. Qg5 Nf4 28.
Nxf4 exf4 29. Qxf4 Qh6 30. Qxh6 gxh6 31. Rh1 Kh8 32. e5 Rg8 33. Rxh6 Rg6 34.
Rah1 Rxh6 35. Rxh6 Kg7 36. Rh4 Rh8 37. Rg4+ Kf8 38. d4 h5 39. Rh4 cxd4 40. Rxd4
Ke7 41. Be4 h4 42. Kg2 f6 43. exf6+ Kxf6 44. Bb7 Rh7 45. Bxa6 Ra7 46. Bxb5 Rxa5
47. c4 Ra2+ 48. Kh3 Rb2 49. Rf4+ Ke5 50. Re4+ Kf6 51. Re3 e5 52. Kxh4 Kf5 53.
Kg3 Rb1 54. c5 Rc1 55. Bd7+ Kf6 56. c6 Rg1+ 57. Kf2 Rc1 58. b4 Ke7 59. Rxe5+
Kd6 60. Rc5 1-0

[Event "Gibraltar ChallWk2 12th"]
[Site "Gibraltar"]
[Date "2014.02.04"]
[Round "4.37"]
[White "Lochte, Szilvia"]
[Black "Tarr, Steve F"]
[Result "1/2-1/2"]
[WhiteElo "1952"]
[BlackElo "1753"]
[PlyCount "86"]
[EventDate "2014.02.01"]
[EventType "swiss"]
[EventRounds "5"]
[EventCountry "GGB"]
[SourceTitle "BritBase"]
[Source "www.saund.co.uk"]
[SourceDate "2018.02.10"]
[SourceVersion "1"]
[SourceVersionDate "2018.02.10"]
[SourceQuality "1"]

1. d4 Nf6 2. Nf3 d5 3. Bg5 Ne4 4. Bh4 c5 5. e3 Qb6 6. Qc1 Nc6 7. c3 Bf5 8. Nbd2
cxd4 9. Nxd4 Nxd4 10. exd4 Qh6 11. Nxe4 Qxh4 12. Bb5+ Kd8 13. Ng3 Bg6 14. O-O
a6 15. Ba4 b5 16. Bb3 e6 17. a4 Bd3 18. axb5 Bxb5 19. Re1 Bd6 20. Qd1 Kd7 21.
Qf3 Qf4 22. Qxf4 Bxf4 23. Ne2 Bxe2 24. Rxe2 Rhb8 25. Bc2 Rb6 26. g3 Bc7 27. f4
g6 28. Ba4+ Ke7 29. Kf2 a5 30. b3 Rab8 31. Ke3 Bd6 32. h3 Rc8 33. Kd3 Rb7 34.
c4 dxc4+ 35. bxc4 Rb4 36. Rc2 Bb8 37. Ra3 Ba7 38. c5 Rd8 39. c6 Rdxd4+ 40. Ke2
Rd8 41. Bb3 Rc8 42. Rxa5 Bb6 43. Ra3 Kd6 1/2-1/2

[Event "Gibraltar ChallWk2 12th"]
[Site "Gibraltar"]
[Date "2014.02.04"]
[Round "4.38"]
[White "Sevillano Garcia, Joaquin"]
[Black "Haddock, Paul"]
[Result "1/2-1/2"]
[WhiteElo "1914"]
[BlackElo "1649"]
[PlyCount "118"]
[EventDate "2014.02.01"]
[EventType "swiss"]
[EventRounds "5"]
[EventCountry "GGB"]
[SourceTitle "BritBase"]
[Source "www.saund.co.uk"]
[SourceDate "2018.02.10"]
[SourceVersion "1"]
[SourceVersionDate "2018.02.10"]
[SourceQuality "1"]

1. f4 d5 2. Nf3 Nf6 3. e3 c6 4. b3 Nbd7 5. Bb2 e6 6. Be2 Bd6 7. O-O Qc7 8. d4
Ne4 9. Nbd2 Ndf6 10. Bd3 Bd7 11. c4 O-O-O 12. Ne5 Rdf8 13. c5 Be7 14. b4 Nxd2
15. Qxd2 Ne4 16. Qc2 f6 17. Nxd7 Qxd7 18. Bxe4 dxe4 19. Qxe4 f5 20. Qf3 Rhg8
21. a4 g5 22. b5 gxf4 23. exf4 Bf6 24. Rfd1 Rg6 25. bxc6 bxc6 26. Bc3 Qd5 27.
Qxd5 exd5 28. Kf2 Rg7 29. g3 Re8 30. Re1 Rge7 31. Rxe7 Rxe7 32. Re1 Rxe1 33.
Kxe1 Kd7 34. Ke2 h5 35. Ke3 Bd8 36. Be1 Ke6 37. Kf3 Bf6 38. Bf2 Bd8 39. h3 Be7
40. g4 hxg4+ 41. hxg4 fxg4+ 42. Kxg4 Bd8 43. f5+ Kf7 44. Bg3 Ba5 45. Be5 Bd8
46. Kf4 Ba5 47. Ke3 Bd8 48. Kd3 Ba5 49. Kc2 Be1 50. Kd3 Ba5 51. Ke3 Bd8 52. Kf4
Ba5 53. Kg4 Bd8 54. Bb8 a6 55. Be5 Ba5 56. f6 Bc3 57. Kf5 Ba5 58. Bd6 Be1 59.
Bc7 Bf2 1/2-1/2

[Event "Gibraltar ChallWk2 12th"]
[Site "Gibraltar"]
[Date "2014.02.04"]
[Round "4.39"]
[White "Savage, Neil"]
[Black "Georgieva, Emilia"]
[Result "0-1"]
[WhiteElo "1625"]
[BlackElo "1933"]
[PlyCount "62"]
[EventDate "2014.02.01"]
[EventType "swiss"]
[EventRounds "5"]
[EventCountry "GGB"]
[SourceTitle "BritBase"]
[Source "www.saund.co.uk"]
[SourceDate "2018.02.10"]
[SourceVersion "1"]
[SourceVersionDate "2018.02.10"]
[SourceQuality "1"]

1. e4 c6 2. Nc3 g6 3. Nf3 Bg7 4. d4 d5 5. h3 dxe4 6. Nxe4 Nf6 7. Nxf6+ Bxf6 8.
Bg5 Bxg5 9. Nxg5 Qa5+ 10. Qd2 Qxd2+ 11. Kxd2 h6 12. Nf3 Be6 13. Bd3 Nd7 14.
Rhe1 Rg8 15. g4 O-O-O 16. a3 h5 17. Ng5 Nf8 18. c3 hxg4 19. Nxe6 Nxe6 20. hxg4
Rd6 21. Rac1 Kd7 22. b4 Ng5 23. Kc2 Rf6 24. Re2 Rf4 25. Rce1 e6 26. Rd2 Nf3 27.
Re4 Rxe4 28. Bxe4 Nxd2 29. Kxd2 Rh8 30. c4 Rh3 31. a4 Ra3 0-1

[Event "Gibraltar ChallWk2 12th"]
[Site "Gibraltar"]
[Date "2014.02.05"]
[Round "5.2"]
[White "Nicolas Zapata, Irene"]
[Black "Galmandakh, Badrakh"]
[Result "1-0"]
[WhiteElo "2249"]
[BlackElo "2225"]
[PlyCount "39"]
[EventDate "2014.02.01"]
[EventType "swiss"]
[EventRounds "5"]
[EventCountry "GGB"]
[SourceTitle "BritBase"]
[Source "www.saund.co.uk"]
[SourceDate "2018.02.10"]
[SourceVersion "1"]
[SourceVersionDate "2018.02.10"]
[SourceQuality "1"]
[WhiteClock "0:16:49"]
[BlackClock "0:04:24"]

1. d4 g6 2. e4 Bg7 3. Be3 e5 4. dxe5 Bxe5 5. Nc3 d6 6. Nf3 Bg7 7. Bc4 Nf6 8. e5
Ng4 9. Bg5 Qd7 10. Qe2 O-O 11. O-O-O Nxe5 12. Nxe5 Bxe5 13. Nd5 c6 14. Nf6+
Bxf6 15. Bxf6 d5 16. Bc3 Qg4 17. Qe3 Qxc4 18. Rd4 Qc5 19. Qh6 Qe7 20. Re4 1-0

[Event "Gibraltar ChallWk2 12th"]
[Site "Gibraltar"]
[Date "2014.02.05"]
[Round "5.5"]
[White "Nicolas Zapata, Javier"]
[Black "Zvarik, Martin"]
[Result "0-1"]
[WhiteElo "2123"]
[BlackElo "2216"]
[PlyCount "74"]
[EventDate "2014.02.01"]
[EventType "swiss"]
[EventRounds "5"]
[EventCountry "GGB"]
[SourceTitle "BritBase"]
[Source "www.saund.co.uk"]
[SourceDate "2018.02.10"]
[SourceVersion "1"]
[SourceVersionDate "2018.02.10"]
[SourceQuality "1"]
[WhiteClock "0:00:42"]
[BlackClock "0:12:02"]

1. e4 d6 2. d4 Nf6 3. Nc3 e5 4. Nf3 Nbd7 5. g4 Nxg4 6. Rg1 Ngf6 7. Bc4 h6 8.
Qd3 c6 9. dxe5 dxe5 10. Be3 Qc7 11. O-O-O Rg8 12. Ne2 b5 13. Bb3 a5 14. a4 Ba6
15. axb5 Bxb5 16. Bc4 a4 17. Bxb5 cxb5 18. Nc3 b4 19. Nb5 Qc6 20. Na7 Qb7 21.
Qc4 b3 22. Qxa4 Qc7 23. Qxb3 Rxa7 24. Bxa7 Qxa7 25. Qc4 Bc5 26. Rd3 Ke7 27.
Rgd1 Rc8 28. Kb1 Rc7 29. Rc3 Qa5 30. Nd2 Bb6 31. Qa2 Qxa2+ 32. Kxa2 Rxc3 33.
bxc3 Bxf2 34. c4 Nc5 35. Ka3 Ncxe4 36. Nxe4 Nxe4 37. Kb4 Bd4 0-1

[Event "Gibraltar ChallWk2 12th"]
[Site "Gibraltar"]
[Date "2014.02.05"]
[Round "5.16"]
[White "Gajic, Mladen"]
[Black "Danielsen, Magnus"]
[Result "1/2-1/2"]
[WhiteElo "2246"]
[BlackElo "2032"]
[PlyCount "77"]
[EventDate "2014.02.01"]
[EventType "swiss"]
[EventRounds "5"]
[EventCountry "GGB"]
[SourceTitle "BritBase"]
[Source "www.saund.co.uk"]
[SourceDate "2018.02.10"]
[SourceVersion "1"]
[SourceVersionDate "2018.02.10"]
[SourceQuality "1"]

1. e4 d5 2. exd5 Qxd5 3. Nf3 Bg4 4. Be2 Nc6 5. O-O e5 6. h3 Bh5 7. c3 O-O-O 8.
d3 f5 9. d4 e4 10. Nfd2 Bxe2 11. Qxe2 Nf6 12. b4 Bd6 13. b5 Ne7 14. Nb3 Ng6 15.
c4 Qe6 16. f4 e3 17. Qxe3 Qxc4 18. Qf3 Rhe8 19. Qxb7+ Kxb7 20. Na5+ Kb6 21.
Nxc4+ Kxb5 22. Ne5 Nd5 23. Na3+ Bxa3 24. Bxa3 Ngxf4 25. Rab1+ Ka6 26. Nc6 Rc8
27. Bc5 g6 28. Rf3 Re3 29. Nb4+ Ka5 30. Nc6+ Ka6 31. Rxe3 Nxe3 32. a4 Ned5 33.
Rb5 Nb6 34. Rb3 Ne6 35. Nb4+ Ka5 36. Nc6+ Ka6 37. Nb4+ Ka5 38. Nc6+ Ka6 39.
Nb4+ 1/2-1/2

[Event "Gibraltar ChallWk2 12th"]
[Site "Gibraltar"]
[Date "2014.02.05"]
[Round "5.17"]
[White "Oliveira, Maria Ines"]
[Black "Amgalanbaatar, Ravdanlkhumbuu"]
[Result "1-0"]
[WhiteElo "1976"]
[BlackElo "2137"]
[PlyCount "49"]
[EventDate "2014.02.01"]
[EventType "swiss"]
[EventRounds "5"]
[EventCountry "GGB"]
[SourceTitle "BritBase"]
[Source "www.saund.co.uk"]
[SourceDate "2018.02.10"]
[SourceVersion "1"]
[SourceVersionDate "2018.02.10"]
[SourceQuality "1"]

1. e4 e6 2. d4 d5 3. e5 c5 4. Nf3 Nc6 5. Bd3 Bd7 6. O-O Qc7 7. Bf4 f5 8. dxc5
Bxc5 9. Nc3 a6 10. Bxf5 exf5 11. Nxd5 Qc8 12. e6 Bxe6 13. Nc7+ Ke7 14. Re1 Nd8
15. Qd5 Bb4 16. c3 Nf6 17. Qxf5 Bd6 18. Nxe6 Nxe6 19. Bxd6+ Kxd6 20. Rad1+ Ke7
21. Ng5 Re8 22. Rxe6+ Kf8 23. Rxf6+ Kg8 24. Qd5+ Kh8 25. Nf7+ 1-0